00258nam a2200097Ia 4500008004100000041001200041100001700053245007800070260000600148650000600154221030s9999 xx 000 0 und d aEnglish aJ. D. Ullman 0aIntroduction to Automata Theory, Languages & Computationcby J. D. Ullman c0 aB